| 000 | 00490nam a2200169Ia 4500 | ||
|---|---|---|---|
| 003 | OSt | ||
| 005 | 20201005112514.0 | ||
| 008 | 190216s9999||||xx |||||||||||||| ||und|| | ||
| 040 | _coclc | ||
| 082 |
_a822.6 _bGOL/S |
||
| 100 |
_aGoldsmith, Oliver _94857 |
||
| 245 | 0 |
_aShe Stoops To Conquer / _cOliver Goldsmith |
|
| 260 |
_bMac Millian And Com. Ltd, _c1951. _aLondon: |
||
| 300 | _a107p | ||
| 650 | _aEnglish Drama | ||
| 942 |
_cBK _2ddc _h822.6 _iGOL/S _k822.6 _mGOL/S |
||
| 999 |
_c11631 _d11631 |
||